| 000 | 00568nam a2200193Ii 4500 | ||
|---|---|---|---|
| 003 | JO-AjNU | ||
| 008 | 230606s9999||||xx |||||||||||||| ||und|| | ||
| 020 | _a978-0-521-86125-0 / 978-0-521-67846-9 | ||
| 040 |
_aJO-AjNU _beng _erda _cJO-AjNU |
||
| 041 | _aeng | ||
| 050 | 1 | 4 | _aJC413.M14.C36.2010 |
| 100 | 3 |
_aNAJEMY ، JOHN M, _eauthor _92556 |
|
| 245 | 0 | 4 | _aTHE CAMBRIDGE COMPANION TO MACHIAVELLI |
| 264 | 3 | 1 | _aPRESS : CAMBRIDGE k2010 |
| 300 | _a210p | ||
| 336 |
_atext _btxt _2rdacontent |
||
| 337 |
_aunmediated _bn _2rdamedia |
||
| 338 |
_avolume _bnc _2rdacarrier |
||
| 999 |
_aE1337 _c1337 _d1337 |
||